Biblioteca

La unidad familiar (Registro nro. 51718)

Detalles MARC
000 -LÍDER
Campo fijo de descripción fija 00914aab a2200205 i 4500
001 - NÚMERO DE CONTROL
Campo de control 768714001
003 - IDENTIFICADOR DEL NÚMERO DE CONTROL
Campo de control CO-MdFUSB
005 - FECHA Y HORA DE LA ULTIMA TRANSACCIÓN
control field 20240422093223.0
008 - ELEMENTOS DE LONGITUD FIJA -- INFORMACIÓN GENERAL
Campo fijo de descripción fija -- Información general 240418t1987 ag ||||| |||| 00| 0 spa d
040 ## - FUENTE DE CATALOGACIÓN
Idioma de catalogación spa
Agencia que realiza la transcripción CO-MdFUSB
041 ## - CÓDIGO DE IDIOMA
Código de idioma para texto/pista de sonido o título separado spa
100 1# - ASIENTO PRINCIPAL--NOMBRE PERSONAL
Nombre personal Zandrino, Ricardo
Término relacionador autor
245 #3 - TÍTULO
Título La unidad familiar
Mención de responsabilidad / Ricardo Zandrino
300 ## - DESCRIPCIÓN FÍSICA
Extensión Volumen 6, número 3 (septiembre, 1987), páginas: 17 - 20
Dimensiones ; 27 cm
520 ## - NOTA DE RESUMEN, ETC.
Nota de sumario, etc. Cada miembro de la familia es único e irrepetible, y necesita una consideración y un espacio propio para desarrollar sus capacidades. La unidad de la familia no surge de la uniformidad sino del respeto por las diferencias, del estímulo a la búsqueda de la propia identidad.
650 #0 - ASIENTO SECUNDARIO DE MATERIA - TERMINO TEMÁTICO
Término temático o nombre geográfico como elemento de entrada Familias
9 (RLIN) 292
650 #0 - ASIENTO SECUNDARIO DE MATERIA - TERMINO TEMÁTICO
Término temático o nombre geográfico como elemento de entrada Vida cristiana
9 (RLIN) 19
773 0# - ASIENTO DE ITEM FUENTE
Título Iglesia y Misión
Biblionumber 49402
Itemnumber 59679
Parte(s) relacionada(s) / Volumen., número. (mes año), páginas Volumen 6, número 3 (septiembre, 1987), páginas: 17 - 20
Enumeración y primera página página: 17
942 ## - TIPO DE MATERIAL (KOHA)
Tipo de Item KOHA Artículos de Revista

No hay ítems disponibles.

Biblioteca FUSBC | Teléfono: (57+4) 349 88 10 Ext. 141| WhatsApp (+57) 3005338115 
E-mail: biblioteca@unisbc.edu.co | Calle 76 87-14 Robledo Palenque, Medellín, Colombia

Con tecnología Koha